Smerovanie zahraničnoobchodnej politiky EÚ diplomová práca

Salvato in:
Dettagli Bibliografici
Autore principale: Mandelíková, Dominika
Ente Autore: Obchodná fakulta EU. Katedra medzinárodného obchodu
Altri autori: Krajčíková, Andrea
Natura: Libro
Lingua:slovacco
Pubblicazione: Bratislava 2020
Tags: Aggiungi Tag
Nessun Tag, puoi essere il primo ad aggiungerne!!

MARC

LEADER 00000nbm a2200000 4500
001 0266420
005 20201008083449.4
041 0 |a slo 
044 |a SK 
245 1 0 |a Smerovanie zahraničnoobchodnej politiky EÚ  |b diplomová práca  |c Dominika Mandelíková ; školiteľ: Andrea Krajčíková 
264 1 |a Bratislava  |c 2020 
300 |a 65 s. 
100 1 |a Mandelíková, Dominika 
700 1 |a Krajčíková, Andrea 
710 2 |a Obchodná fakulta EU. Katedra medzinárodného obchodu